[Event "Murmansk ChessMates 4th"]
[Site "Murmansk"]
[Date "2020.03.14"]
[Round "3.3"]
[White "Kataev, Aleksandr"]
[Black "Shilnikov, Anton"]
[Result "1/2-1/2"]
[WhiteElo "1978"]
[BlackElo "1769"]
[PlyCount "56"]
[EventDate "2020.03.13"]
[EventType "team-tourn"]
[EventRounds "5"]
[EventCountry "RUS"]
[SourceTitle "CBM 195 Extra"]
[Source "ChessBase"]
[SourceDate "2020.05.31"]
[SourceVersion "1"]
[SourceVersionDate "2020.05.31"]
[SourceQuality "1"]
[WhiteTeam "Murmansk CF"]
[BlackTeam "Leningrad Region"]
[WhiteTeamCountry "RUS"]
[BlackTeamCountry "RUS"]

1. d4 Nf6 2. c4 e6 3. Nc3 d5 4. Nf3 c6 5. e3 Nbd7 6. Bd3 dxc4 7. Bxc4 b5 8. Bd3 a6 9. 0-0 Bb7 10. b3 Be7 11. Bb2 0-0 12. Qe2 c5 13. Rfd1 Qb6 14. a4 cxd4 15. Nxd4 b4 16. Nb1 Nc5 17. Nd2 Nxd3 18. Nc4 Qc5 19. Rxd3 Rfd8 20. Rad1 Qg5 21. f3 e5 22. h4 Qh5 23. g4 Nxg4 24. fxg4 Qxh4 25. Nf5 Qh1+ 26. Kf2 Bh4+ 27. Nxh4 Qxh4+ 28. Kf1 Qh1+ 1/2-1/2

[Event "Rotterdam Basamro 5th"]
[Site "Rotterdam"]
[Date "2017.09.23"]
[Round "1.1"]
[White "Zhuravlev, Aleksandr"]
[Black "Shilnikov, Anton"]
[Result "0-1"]
[WhiteElo "1879"]
[BlackElo "1710"]
[PlyCount "60"]
[EventDate "2017.09.23"]
[EventType "team-tourn"]
[EventRounds "3"]
[EventCountry "NED"]
[SourceTitle "CBM 180 Extra"]
[Source "ChessBase"]
[SourceDate "2017.10.06"]
[SourceVersion "1"]
[SourceVersionDate "2017.10.06"]
[SourceQuality "1"]
[WhiteTeam "Murmansk Region"]
[BlackTeam "St Petersburg Region"]
[WhiteTeamCountry "RUS"]
[BlackTeamCountry "RUS"]

1. d4 d5 2. Nf3 Nf6 3. c4 e6 4. Nc3 c6 5. e3 dxc4 6. Bxc4 b5 7. Bd3 Bb7 8. 0-0 Be7 9. Qe2 a6 10. a4 0-0 11. Nd2 Nbd7 12. Rd1 Qc7 13. Nce4 Rad8 14. Nxf6+ Nxf6 15. b3 e5 16. Bb2 exd4 17. Bxd4 Rd5 18. Ne4 Qd8 19. axb5 cxb5 20. Nxf6+ Bxf6 21. Be4 Rxd4 22. exd4 Re8 23. f3 Bxd4+ 24. Kf1 Bxe4 25. Rxd4 Qxd4 26. Rd1 Qf6 27. Re1 g6 28. Kg1 Qd4+ 29. Qf2 Qxf2+ 30. Kxf2 Bc6 0-1

[Event "Prague Summer op-B 3rd"]
[Site "Prague"]
[Date "2016.08.12"]
[Round "9"]
[White "Pavlicek, Petr"]
[Black "Shilnikov, Anton"]
[Result "1/2-1/2"]
[WhiteElo "1916"]
[BlackElo "1714"]
[PlyCount "88"]
[EventDate "2016.08.05"]
[EventType "swiss"]
[EventRounds "9"]
[EventCountry "CZE"]
[SourceTitle "CBM 173 Extra"]
[Source "ChessBase"]
[SourceDate "2016.08.29"]
[SourceVersion "1"]
[SourceVersionDate "2016.08.29"]
[SourceQuality "1"]

1. Nf3 d5 2. d4 Nf6 3. c4 e6 4. g3 c6 5. Bg2 Bd6 6. Qc2 Nbd7 7. 0-0 0-0 8. Bf4 Qc7 9. Bxd6 Qxd6 10. Na3 e5 11. dxe5 Nxe5 12. Rfd1 Nxf3+ 13. Bxf3 Qe5 14. cxd5 cxd5 15. Nb5 Bd7 16. Nd4 Rac8 17. Qb3 Rc4 18. e3 Ba4 19. Qxb7 Bxd1 20. Rxd1 Qb8 21. Qa6 Qxb2 22. Qxa7 Ne4 23. Bxe4 dxe4 24. Qe7 Ra4 25. Qxe4 Rxa2 26. Qf4 Rfa8 27. Kg2 R2a6 28. Nf5 Qc2 29. Qg5 Qc6+ 30. e4 Qf6 31. Ne7+ Kf8 32. Qxf6 Rxf6 33. Nd5 Rc6 34. g4 Ra4 35. f3 Rc2+ 36. Kg3 Raa2 37. h4 Rh2 38. h5 Rag2+ 39. Kf4 Ra2 40. Rc1 Rhc2 41. Rb1 Rab2 42. Ra1 Ra2 43. Rb1 Rab2 44. Ra1 Ra2 1/2-1/2